Pulzujúci svet biotechnológií Príloha Hospodárskych novín

Rýchlo sa rozvíjajúci sektor biotechnológií. Porovnanie odvetvia biotechnológií v Európe a USA. Expanzia amerických firiem v Európe. Etická otázka génového inžinierstva.

Saved in:
Bibliographic Details
Main Author: Koribský, J.
Format: Book Chapter
Language:Slovak
Subjects:
Tags: Add Tag
No Tags, Be the first to tag this record!

MARC

LEADER 00000naa a2200000 4500
001 r026321
005 20230824090255.4
041 0 |a slo 
044 |a SK 
245 1 0 |a Pulzujúci svet biotechnológií  |b Príloha Hospodárskych novín  |c J. Koribský 
520 |a Rýchlo sa rozvíjajúci sektor biotechnológií. Porovnanie odvetvia biotechnológií v Európe a USA. Expanzia amerických firiem v Európe. Etická otázka génového inžinierstva. 
610 2 0 |a Európa 
610 2 0 |a USA 
610 2 0 |a 1995 
610 2 0 |a 1996 
610 2 0 |a biotechnológia 
610 2 0 |a výskum 
610 2 0 |a inžinierstvo génové 
100 1 |a Koribský, J.